000 00478nam a2200169Ia 4500
008 090711s9999 xx 000 0 und d
082 _b26790
100 _aधर्माधिकारी भाऊ
245 _aमनुबोध
260 _c1973
300 _a68
600 _aधर्माधिकारी भाऊ
630 _aमनुबोध
700 _aधर्माधिकारी भाऊ
730 _aमनुबोध
942 _cBOOK
999 _c284225
_d284225